000 00782nam a22002297a 4500
003 UA-OsUOA
001 83366
007 ta
008 20120410b un ||||| |||| 00| 0 ukr d
100 _aАнішина Н.
700 _aКолєшня Л.
090 _a330(477)
_bА67
942 _cSA
040 _aUA-OsUOA
_bukr
_cUA-OsUOA
_dUA-OsUOA
245 _aФормування попиту на робочу силу в регіонах України в умовах інноваційно-інвестиційної моделі розвитку економіки
300 _aС.3-6
955 _a0
041 _aukr
080 _a330(477)
773 0 _w83365
_tУкраїна: аспекти праці
_dК.
_d2012
_g2
650 7 _a330 Економіка взагалі
_2UDC
999 _c369675
_d369675